Rino, Humor y Cultura : número 6, primera época, octubre 1991 /

Guardat en:
Dades bibliogràfiques
Altres autors: Lozano, Moisés (dirección) (dirección)
Format: Llibre
Idioma:espanyol
Publicat: México : Rino, 1991
Col·lecció:(Rino, Humor y Cultura ; 6)
Matèries:
Etiquetes: Afegir etiqueta
Sense etiquetes, Sigues el primer a etiquetar aquest registre!

MARC

LEADER 00000nam^a2200000^a^4500
001 000630249
005 20260413000000.0
009 20260413195720.717
037 |a Acervo ITESO - Biblioteca 
041 |a ESP 
082 |a 805.  |b RIN V. 6 
245 1 0 |a Rino, Humor y Cultura :  |b número 6, primera época, octubre 1991 /  |c Dir. de M. Lozano. 
264 1 |a México :  |b Rino,  |c 1991 
300 |a 56 p. 
336 |a texto  |b txt  |2 rdacontenido 
337 |a sin mediación  |b n  |2 rdamedio 
338 |a volumen  |b nc  |2 rdasoporte 
440 1 |a (Rino, Humor y Cultura ;  |v 6) 
567 |a Catalogación rápida 
649 |a XX 
650 |a Historietas y Caricaturas de Humor -  |x Publicaciones Periódicas 
650 |a Historietas y Caricaturas -  |x Publicaciones Periódicas 
650 |a Humor -  |x Publicaciones Periódicas -  |x Tema Principal 
650 |a Literatura -  |x Publicaciones Periódicas -  |x Tema Principal 
650 |a Publicaciones Periódicas Mexicanas 
650 |a Publicaciones Periódicas 
700 |a Lozano, Moisés  |e (dirección) 
910 |a Fondo Castillo-Martínez 
920 |a Impresos - Libros 
930 |a Fondos Especiales 
940 |a Literatura 
905 |a 127 
901 |a 630249-10  |b IT2  |c ESP  |i D124350  |u 20260413 
902 |a https://opac.biblio.iteso.mx/vufind/Record/000630249